7 Perso - 1 Pts Commun - Harry Potter #31 - Statistiques

Statistiques générales
  • Ce quiz a été pris 215 fois
  • Le résultat moyen est 2 sur 7
Statistiques - réponses
Personnages % Correct
Severus Rogue
94%
Lucius Malefoy
31%
Regulus Black
30%
Tom Jedusor
28%
Club de Slug 1ere Génération
17%
Rodolphus Lestrange
12%
Avery
7%
Aucun quiz correspondant
Distribution des résultats
% des personnes avec chaque résultat
Percentile par nombre de réponses
Votre historique - résultats
Vous n’avez pas pris ce quiz